000 00290nam a2200097Ia 4500
008 181011s9999 xx 000 0 und d
245 0 _aWho was Henry Martyn?
500 _aThe Bulletin of Henry Martyn school of Islamic Studies Jan -Mar 1951
650 _aHenry Martyn Institute
942 _cBR
999 _c21806
_d21806